Countries Whose Leaders Have a Beard - Statistics

General Stats
  • This quiz has been taken 90 times
    65 since last reset
  • The average score is 15 of 43
Answer Stats
HoS HoG Answer % Correct
Iran
80%
India
78%
Saudi Arabia
78%
Afghanistan
74%
Qatar
70%
Oman
62%
Turkey
62%
Bahrain
60%
United Arab Emirates
60%
Morocco
56%
Canada
52%
Spain
52%
Jordan
48%
Democratic Republic of the Congo
40%
Armenia
38%
Mali
36%
Chad
34%
Mauritania
34%
Ukraine
34%
Albania
32%
Peru
32%
Ethiopia
30%
South Sudan
30%
Paraguay
26%
San Marino
22%
Brunei
20%
Papua New Guinea
20%
Rwanda
20%
Uganda
20%
Liechtenstein
18%
Bahamas
16%
Djibouti
16%
Guyana
16%
Latvia
16%
Suriname
16%
Benin
14%
El Salvador
14%
Montenegro
14%
Saint Vincent and the Grenadines
14%
Namibia
12%
Sao Tome and Principe
12%
Cape Verde
8%
Cape Verde
8%
No matching quizzes found
Score Distribution
Percent of People with Each Score
Percentile by Number Answered
Your Score History
You have not taken this quiz since the last reset